Wanderungen in die Hallen der Vorzeit und in die Gefilde der Gegenwart. T. 2 /

Hlavní autor: Müller, Johann, činný 19. století
Jazyk: Němčina
Vydáno: Znaim : M. Hofmann, 1831
Témata:
Fyzický popis: 175 s.
Knihy
Uloženo v:
LEADER 00679nam a22002051a 4500
001 000721440
003 CZ BrMZK
005 20040906072538.0
007 ta
008 040614s1831 xr e ger
040 |a BOA001  |b cze  |c BOA001 
100 1 |a Müller, Johann,  |d činný 19. století  |7 jx20071010018  |4 aut 
245 1 0 |a Wanderungen in die Hallen der Vorzeit und in die Gefilde der Gegenwart.  |n T. 2 /  |c Johann Müller 
260 |a Znaim :  |b M. Hofmann,  |c 1831 
300 |a 175 s. 
910 |a BOA001  |b 1-0047.093,2  |k r 
964 |a Moravika - stol. 19. 
990 |a BK 
993 |a Y 
996 6 |b 2619298603  |c 1-0047.093,2  |l MZK  |r Sklad / do 1 hodiny  |n 1  |w 000721440  |u 000010  |a 1  |e BOA001  |j MZK50  |s P